Jak se budeme dělit? Bohatství na dně Tichého oceánu.

ČSFR je členom organizácie Interoceanmetal (SOIOM) a ako člen tejto organizácie je spoluvlastníkom 150000 km štvorcových veľkého územia dna Tichého oceánu s veľkým nerastným bohatstvom, hodnota ktorého sa pohybuje okolo 250 mld USD. Interoceanmetal bol založený niektorými krajinami RVHP na vyhľadáva...

Description complète

Enregistré dans:
Détails bibliographiques
Auteur principal: Provazník, Dušan
Format: Chapitre de livre
Langue:tchèque
Sujets:
Tags: Ajouter un tag
Pas de tags, Soyez le premier à ajouter un tag!

MARC

LEADER 00000naa a2200000 4500
001 r011162
005 20220826093415.5
041 0 |a cze 
044 |a [CS] 
245 1 0 |a Jak se budeme dělit?  |b Bohatství na dně Tichého oceánu.  |c Dušan Provazník 
520 |a ČSFR je členom organizácie Interoceanmetal (SOIOM) a ako člen tejto organizácie je spoluvlastníkom 150000 km štvorcových veľkého územia dna Tichého oceánu s veľkým nerastným bohatstvom, hodnota ktorého sa pohybuje okolo 250 mld USD. Interoceanmetal bol založený niektorými krajinami RVHP na vyhľadávanie a spoločnú ťažbu ložísk. Táto spoločnosť jestvuje i naďalej. Vzniká otázka, akú podobu bude mať účasť ČR a SR. 
610 2 0 |a Tichý oceán 
610 2 0 |a ČSFR 
610 2 0 |a bohatstvo prírodné 
610 2 0 |a Interoceanmetal 
610 2 0 |a Čechy 
610 2 0 |a Slovensko 
610 2 0 |a ťažba surovín 
610 2 0 |a more 
100 1 |a Provazník, Dušan